000 00405nam a2200193Ia 4500
001 12305
003 GE_BSU
008 181216s||||||||xx |||||||||||||| ||und||
040 _cGE_BSU
080 _a821.111-32
100 _aCatherine Cookson
245 _aMoggie Rowam
260 _aLondon
260 _bCorgi books
260 _c1973
300 _a256p.18cm.
653 _aMoggie Rowam
942 _cBK
999 _c45480
_d45480